00000000nam##2200000za#4500
0019.648175
003CaOODSP
00520241203113635
007ta
008150407|2001||||xxc|||||     f|0| 0 eng|d
020 |a0-662-30506-X
040 |aCaOODSP|beng
043 |an-cn---
0861 |aEn21-206/2001E
1101 |aCanada. |bEnvironment Canada.
24510|aInforming environmental decisions : |bfirst steps towards a Canadian information system for the environment
260 |aOttawa - Ontario : |bEnvironment Canada |c2001.
300 |a20p. ; |c28 cm.
500 |a"The interim report of the Task Force on a Canadian Information System for the Environment to the Minister of the Environment."
5203 |aThe interim report of the Task Force on a Canadian Information System for the Environment to the Minister of the Environment
563 |aSoftcover
590 |a01-21|b2001-05-25
69007|aEnvironment|2gcpds
69007|aInformation systems|2gcpds
69007|aEnvironmental management|2gcpds
77508|tLa prise de décisions éclairées en matière d'environnement : |w(CaOODSP)9.681500
7760#|tInforming environmental decisions : |w(CaOODSP)9.696182